IFM Opac

Management Information Systems: (Record no. 22184)

MARC details
000 -LEADER
fixed length control field 00367nam a22001457a 4500
020 ## - INTERNATIONAL STANDARD BOOK NUMBER
ISBN 978-1-292-40328-1
082 ## - DEWEY DECIMAL CLASSIFICATION NUMBER
Classification number 658.4038
100 ## - MAIN ENTRY--AUTHOR NAME
Personal name Laudon, Kenneth C.
245 ## - TITLE STATEMENT
Title Management Information Systems:
Sub Title Managing Digital Firm
250 ## - EDITION STATEMENT
Edition statement 17th
260 ## - PUBLICATION, DISTRIBUTION, ETC. (IMPRINT)
Place of publication Harlow:
Name of publisher Pearson,
Year of publication 2022
300 ## - PHYSICAL DESCRIPTION
Number of Pages 648p.: ill.; 27cm
700 ## - ADDED ENTRY--PERSONAL NAME
Personal name Laudon, Jane P.
942 ## - ADDED ENTRY ELEMENTS (KOHA)
Koha item type Books
Holdings
Withdrawn status Lost status Damaged status Not for loan Collection code Permanent Location Current Location Shelving location Date acquired Source of acquisition Full call number Accession Number Price effective from Koha item type
        Non-fiction IFM Main Campus Library IFM Main Campus Library Work Room processing 01/20/2026 Purchased 658.4038 LAU 0000030434 01/20/2026 Books
        Non-fiction IFM Main Campus Library IFM Main Campus Library Work Room processing 01/20/2026 Purchased 658.4038 LAU 0000030433 01/20/2026 Books
        Non-fiction IFM Main Campus Library IFM Main Campus Library Work Room processing 01/20/2026 Purchased 658.4038 LAU 0000030432 01/20/2026 Books